| 000 | 01128nam0a22003251 4500 | ||
|---|---|---|---|
| 001 | v19\rc\1937027 | ||
| 005 | 20251222112952.0 | ||
| 035 | _a(NLR Aleph) 005025839 | ||
| 090 |
_a6638383 _c6638383 |
||
| 100 | _a20080404d1912 u y0rusy50 ca | ||
| 101 | 0 | _arus | |
| 102 | _aRU | ||
| 105 | _ay z |||a| | ||
| 200 | 1 |
_aПить до дна - не видать добра _eРассказ |
|
| 205 | _a3-е изд. | ||
| 210 |
_aСанкт-Петербург _cАлександро-Невское о-во трезвости _d1912 |
||
| 215 |
_a14 с. _d21 |
||
| 225 | 1 |
_aБиблиотека "Трезвой жизни" _v№ 96 |
|
| 300 | _aВ конце текста авт.: К.; установлен по одноименному изд. 1888 г. | ||
| 700 | 1 |
_aТхоржевский _bК.В. _f1858-1896 _gКорнелий Владиславович |
|
| 790 | 0 |
_aК. _f1858-1896 |
|
| 801 | 0 |
_aRU _bNLR _gpsbo |
|
| 801 | 0 |
_aRU _bRuMoRGB _2psbo |
|
| 801 | 1 |
_aRU _bProSoft-M _2rusmarc |
|
| 852 |
_aNLR _j18.286.8.180(96) |
||
| 899 |
_aRuMoRGB _jV 115/543 |
||
| 899 | _aБАН | ||
| 942 | _cBOOK | ||
| 980 | _aNB | ||